Rosco de Pasapalabra #100 - Estadísticas

Estadísticas generales
  • Esta prueba ha sido intentada 787 veces
  • La puntuación promedio es 12 de 25
Estadísticas de respuestas
Inicial Definición Respuesta % Correcto
D Separarse un avión del suelo o del agua, al emprender el vuelo Despegar
94%
B Hoyo o desigualdad en una carretera o camino, que hace dar sacudidas a los vehículos Bache
89%
A Cada uno de los doce principales discípulos de Jesucristo, a quienes envió a predicar el Evangelio por todo el mundo Apóstol
88%
M Carta del día donde se relacionan las comidas, postres y bebidas Menú
87%
G Bebida alcohólica obtenida de semillas y aromatizada con las bayas del enebro Ginebra
85%
C Bollo de hojaldre en forma de media luna Cruasán
77%
P Lugar en la costa, natural o artificial, que sirve para que las embarcaciones realicen operaciones de carga y descarga Puerto
75%
N Cada una de las dos porciones carnosas y redondeadas situadas debajo de la espalda y encima de los muslos Nalga
72%
O Se dice de la persona que tiene entre 80 y 89 años Octogenario
66%
T Paso subterráneo abierto artificialmente para el paso de personas y vehículos Túnel
62%
E Municipio de la provincia de Alicante cuyo Palmeral fue declarado Patrimonio de la Humanidad por la UNESCO Elche
58%
R Plato consistente en una mezcla de huevos y algún otro ingrediente, que se cuaja sin darle forma alguna Revuelto
55%
V Órgano musculoso y membranoso en forma de bolsa, en el que se deposita la orina procedente de los riñones Vejiga
55%
Contiene la Y Persona que escucha las emisiones de radio Radioyente
51%
F Cualidad de la persona cuyo comportamiento corresponde a la confianza puesta en ella Fidelidad
42%
Contiene la Ñ Agrupación de actores o bailarines unidos para representar espectáculos escénicos Compañía
37%
I Brío, vehemencia, ardor con que se actúa Ímpetu
35%
Z Tercera persona del plural del presente de indicativo del verbo zampar Zampan
35%
S Voto de quien tiene capacidad de elegir Sufragio
31%
H Prueba diagnóstica en la que un dispositivo registra en un monitor durante varias horas la actividad del corazón Holter
17%
Contiene la X Conjunto de todos los papeles correspondientes a un asunto o negocio Expediente
16%
J Prenda de vestir ceñida y ajustada al cuerpo que cubría desde los hombros hasta la cintura Jubón
16%
Contiene la Q Movimiento fuerte de la tierra Jamaqueón
1%
L En psicología; propensión, habitual o circunstancial, a la tristeza Lipemanía
1%
U Título del álbum publicado por la cantante Toni Childs en 1988, al cual pertenece la canción "Don't Walk Away" Union
0%
No se encontraron pruebas coincidentes
Distribución de puntuación
Porcentaje de gente con cada puntuación
Porcentaje por número respondido
Historial de tus puntuaciones
No has intentado esta prueba.